Sports Quiz

Random Sports Quiz

Big Four Stadiums/Arenas Without Sponsors Quiz Stats

 Plays Quiz not verified by Sporcle

Challenge
Share
Tweet
Embed
Score 0/21 Timer 05:00
0 Plays Today
League Stadium/Arena % Correct
MLBYankee Stadium
90.3%
MLBFenway Park
79.1%
NHLMadison Square Garden IV
70.9%
MLBDodger Stadium
70.1%
NBAMadison Square Garden IV
66.4%
NFLLambeau Field
60.4%
NFLSoldier Field
55.2%
MLBMarlins Park
48.5%
NFLPaul Brown Stadium
48.5%
MLBNationals Park
47.8%
MLBAngel Stadium of Anaheim
47%
League Stadium/Arena % Correct
MLBRangers Ballpark in Arlington
45.5%
NFLRalph Wilson Stadium
44.8%
MLBOriole Park at Camden Yards
43.3%
NFLArrowhead Stadium
41.8%
NFLGeorgia Dome
41%
MLBKauffman Stadium
40.3%
NHLJoe Louis Arena
33.6%
NHLNassau Veterans Memorial Coliseum
28.4%
NBAThe Palace of Auburn Hills
27.6%
NBANew Orleans Arena
18.7%

You're not logged in!

Compare scores with friends on all Sporcle quizzes.
OR
Log In

You Might Also Like...

Show Comments

Extras

Created Jan 26, 2014ReportNominate
Tags:arena, four, league, sponsor, Stadiums, team

Top Quizzes Today


Score Distribution

Your Account Isn't Verified!

In order to create a playlist on Sporcle, you need to verify the email address you used during registration. Go to your Sporcle Settings to finish the process.

Report this User

Report this user for behavior that violates our Community Guidelines.

Details: